000 00418nam a2200181Ia 4500
001 488
005 20260306140521.0
008 260306t2006||||xx |||||||||||||| ||spa||
041 _aESP
082 _a121
_bP75 T. 2
100 _aPolo, Leonardo 1926-2013
_eAUT
245 0 _aCurso de teorĂ­a del conocimiento
260 _c2006
300 _a
_c24 cm.
650 _aGEN
654 _aCHU
942 _cLIB
_dJUS
_fJUS
_2ddc
_n
999 _c488
_d488